000 00764cam a22002413a 4500
001 19022
003 PGUSA
005 20140828083414.0
008 060810s2006||||xxu|||||s|||||000 | eng d
040 _aPGUSA
_beng
042 _adc
050 4 _aHV
100 1 _aUnited States. Federal Bureau of Investigation
245 1 4 _aThe Science of Fingerprints :
_bClassification and Uses
_h[electronic resource] /
_cUnited States. Federal Bureau of Investigation
260 _bProject Gutenberg,
_c2006
506 _aPublic domain in the USA.
516 _aElectronic text
653 _aFingerprints
700 1 _aHoover, J. Edgar
_q(John Edgar),
_d1895-1972
830 0 _aProject Gutenberg
_v19022
856 4 0 _uhttp://www.gutenberg.org/ebooks/19022
942 _cEB
999 _c248277
_d248277